Loading...
| LEADER | 00572nam a2200217Ia 4500 | ||
|---|---|---|---|
| 008 | 141122s9999 xx 000 0 und d | ||
| 040 | |c . | ||
| 041 | |a Malayalam | ||
| 082 | |a 813.4 | ||
| 082 | |b OSH/KR | ||
| 100 | |a Osho | ||
| 245 | |a Krishanum krishnadarsanavum | ||
| 245 | |c Osho | ||
| 250 | |a 3 | ||
| 260 | |b Calicut | ||
| 260 | |b Silence | ||
| 260 | |c 2011 | ||
| 300 | |a 318 Pages | ||
| 942 | |c BK | ||
| 999 | |c 6582 |d 6582 | ||
| 952 | |0 0 |1 0 |4 0 |6 813_400000000000000_OSHKR |7 0 |9 6540 |a COVAS |b COVAS |d 0000-00-00 |l 11 |m 1 |o 813.4 OSH/KR |p 22377 |r 2019-03-28 |s 2019-03-19 |w 2014-11-26 |y BK | ||